000 00979 a2200157 4500
003 Nust
005 20230119184501.0
040 _cNust
082 _a808.82,HOP
100 _aAnthony hope
_9107176
245 _aThe Dolly Dialogues /
_cAnthony hope
260 _alondon
_bGeorge G. harrap
_c0000
300 _a234, p;
505 _aA Liberal Education (Page-7), Cordial Relations (Page-15), Retribution (Page-25), The Perverseness of It (Page-33), A Matter of Duty (Page-410 My Last Chance (Page-51), The Little Wretch (Page-61), An Expensive Privilege (Page-71), A Very Dull Affair (Page-81), Strange But True (Page-91), An Uncounted Hour (Page-109), A Reminiscence (Page-119), Ancient History (Page-129), A fine Day (Page-139), The House Opposite (Page-147), A Quick Change (Page-157),The other Lady (Page-177), A Life Subscription (Page-187), What Might have Been (Page-197), A Fatal Obstacle (Page-207), The Curate Bump (Page-217), On way In (Page-227).
942 _2ddc
_cBK
999 _c193966
_d193966